| 000 | 00724pam a2200241 a 4500 | ||
|---|---|---|---|
| 008 | |||
| 020 | _a0521434580 (hardback) | ||
| 049 | _aMAIN | ||
| 090 |
_aQC446.2 _bSCU |
||
| 100 | 1 | _aScully, Marlan O. | |
| 245 | 1 | 0 |
_aQuantum optics / _cMarlan O. Scully and M. Suhail Zubairy. |
| 260 |
_aCambridge : _bCambridge University Press, _c1997. |
||
| 300 |
_axxi, 630 p. : _bill. ; _c25 cm. |
||
| 500 | _aIncludes index. | ||
| 504 | _aIncludes bibliographical references. | ||
| 650 | 0 | _aQuantum optics. | |
| 700 | 1 | _aZubairy, Muhammad Suhail. | |
| 907 |
_a.b10415555 _b07-03-22 _c07-03-22 |
||
| 003 | |||
| 005 | 20230123141234.0 | ||
| 040 | _cNUST | ||
| 942 |
_cBOOKS _kQC446.2 _mSCU |
||
| 999 |
_c170050 _d170050 |
||